Meta Quiz - Statistics

General Stats
  • This quiz has been taken 23 times
    18 since last reset
  • The average score is 2 of 9
Answer Stats
Question Answer % Correct
What's the URL of this quiz? http://www.jetpunk.com/user-quizzes/223269/meta-quiz
57%
Is this quiz difficult? No
50%
How many questions does this quiz have? Nine
36%
What website is this quiz posted upon? Jetpunk
21%
What is the name of this quiz? Meta Quiz
21%
What question is this? Three
21%
What is the time limit? Thirty Seconds
7%
What is this question? What is this question?
7%
Who made this quiz? TheFreePeriodQuizTeam
0%
No matching quizzes found
Score Distribution
Percent of People with Each Score
Percentile by Number Answered
Your Score History
You have not taken this quiz since the last reset